Laws of the game : How the principles of nature govern chance

Kaydedildi:
Detaylı Bibliyografya
Yazar: Eigen, Manfred
Materyal Türü: Kitap
Dil:Undetermined
Baskı/Yayın Bilgisi: New York Penguin Books 1981
Konular:
Etiketler: Etiketle
Etiket eklenmemiş, İlk siz ekleyin!
Thư viện lưu trữ: Trung tâm Học liệu Trường Đại học Cần Thơ
LEADER 00585nam a2200205Ia 4500
001 CTU_84081
008 210402s9999 xx 000 0 und d
082 |a 123.3 
082 |b E34 
100 |a Eigen, Manfred 
245 0 |a Laws of the game : 
245 0 |b How the principles of nature govern chance 
245 0 |c Manfred Eigen, Ruthild Winkler 
260 |a New York 
260 |b Penguin Books 
260 |c 1981 
650 |a Games,Science,Scientific recreations 
650 |x Philosophy 
904 |i QHieu(sửa) 
980 |a Trung tâm Học liệu Trường Đại học Cần Thơ